Word Ladder: Partial State Nicknames Quiz Stats

 Plays Quiz Updated Mar 12, 2019

Score 0/30 Timer 04:00
1 Play Today
Clue 4-Letter Word % Correct
Noise from an owlHOOT
96.8%
Dust from a chimneySOOT
96.5%
Scoring attempt in soccer or basketballSHOT
95.6%
Opponent of the tortoiseHARE
95.2%
Group of cattleHERD
94.8%
Magician's stickWAND
94.5%
The devil's domicileHELL
94%
Female horseMARE
93.9%
Bruce Banner's alter egoHULK
93.8%
Frame of a shipHULL
93.2%
Part of New Mexico's nickname
(_____ of Enchantment)
• LAND •
93.1%
Human League song:'Don't You ____ Me'WANT
93%
Rough, hairy carpetSHAG
92.7%
Partner of 'there' and 'everywhere' for the BeatlesHERE
92.6%
Male deerSTAG
92.6%
Clue 4-Letter Word % Correct
Part of Minnesota's nickname
(The North _____ State)
• STAR •
92.5%
Part of Missouri's nickname
(The _____-Me State)
• SHOW •
92%
Gasp like a dogPANT
91.4%
Part of Alaska's nickname
(The _____ Frontier)
• LAST •
91.3%
Place to get oreMINE
91.2%
Part of North Carolina's nickname
(The Tar _____ State)
• HEEL •
90.6%
'Pygmalion' playwright, George BernardSHAW
90.5%
Narrow roadwayLANE
90.4%
'Went' or 'did,' as a tensePAST
90.1%
Tom Sawyer's friend, in briefHUCK
89.6%
Pan's archenemyHOOK
88.9%
To pay careful attentionHEED
88.6%
Moist, spongy, landMIRE
87.7%
Part of Maryland's nickname
(The Old _____ State)
• LINE •
86.5%
To leave with a pawnbrokerHOCK
85.2%

Today's Daily Dose

Missing Word
Celine Dion

Word Ladder
Dr. Seuss Books

Quick Pick
Cities in India

Get the Picture
'A' Actresses

You're not logged in!

Compare scores with friends on all Sporcle quizzes.
OR
Log In

Sporcle TV

Today on Sporcle TV


Watch our educational content, quiz creation guides, and fun videos on Sporcle TV.

Show Comments

Extras

Top Quizzes Today


Score Distribution

Your Account Isn't Verified!

In order to create a playlist on Sporcle, you need to verify the email address you used during registration. Go to your Sporcle Settings to finish the process.

Report this User

Report this user for behavior that violates our Community Guidelines.

Details: